000 00640nam a2200229Ia 4500
005 20230603112754.0
008 131103s9999 xx 000 0 und d
020 _a70545383
_cUSD6.50
040 _aLoreto College
041 _aEnglish
082 _a337
_bSAL
100 _aSalvatore, Dominick
245 _aSchaum's outline of theory and problems of International Economics
_cDominick Salvatore
250 _a3rd ed
260 _aNew York
_bMcGraw-Hill
_c1990
300 _a240p
440 _aSchaum's outline series
504 _aIncludes index
650 _aInternational economic relations
850 _aLCLIB
942 _cBK
999 _c19374
_d69853